000
00317nam a2200133 4500
008
190605s1978||||xo d
100
1
_a
Fabián D.
_9
1196
260
_b
Smena
_a
Bratislava
_c
1978
250
_a
1. vydanie
041
1
_a
slo
044
_a
xo
_c
SK
245
1
0
_a
Dialógy na križovatkách
958
_a
A
999
_c
22516
_d
22516